Celebrity Before and After Quiz Stats

 Plays Quiz Updated Dec 27, 2018

Support Sporcle.
Go Orange.
Score 0/20 Timer 07:00
2 Plays Today
Person #1 Hint Answer % Correct
Inventor of the Cotton GinEli Whitney Houston
84.1%
Frontman of Wham! with Popular Debut Solo AlbumGeorge Michael Jordan
68.4%
Host of 'American Bandstand,' 'The $10,000 Pyramid' & His Annual New Year's Eve SpecialDick Clark Kent
65.8%
Rapper Who Collaborated on 2002's 'Lady Marmalade' and Spent 10 Months in PrisonLil' Kim Jong-il
52.8%
Legendary Singer/Songwriter Who Co-Wrote the Music in Disney's The Lion KingElton John Malkovich
52.3%
Confederate General Who Surrendered at Appomattox CourthouseRobert E. Lee Harvey Oswald
52.1%
Oscar-Winning Star of 'True Grit'John Wayne Gretzky
50.1%
President on Mount Rushmore who died on July 4thThomas Jefferson Davis
49.9%
'Fargo' Actor Married to Felicity HuffmanWilliam H. Macy Gray
44.6%
Birth Name of 3-Time Heavyweight Champion Boxer and Olympic Gold WinnerCassius Clay Aiken
42%
Person #1 Hint Answer % Correct
Pioneer Guitar Player and Builder who died in 2009Les Paul Reubens
41%
Actress Famous for Her Roles on 'Maude' & 'The Golden Girls'Bea Arthur Conan Doyle
40.7%
Singer/Songwriter Known as the 'Piano Man'Billy Joel McHale
39.9%
Acclaimed Director of 'The Royal Tenenbaums' & 'Rushmore'Wes Anderson Cooper
35.9%
Emmy-Nominated Star of NBC's '30 Rock'Tracy Morgan Freeman
34.3%
Symbolic 19th Century American OutlawBilly the Kid Rock or The Sundance Kid Rock
29.7%
British Novelist Famous for Writing 'Frankenstein'Mary Shelley Duvall
29.4%
Actor Who Declined His 1970 Best Actor OscarGeorge C. Scott Baio
27.2%
British Star of FOX's 'House'Hugh Laurie Metcalf
23.9%
Canadian Singer/Songwriter Sometimes Joining with CSNNeil Young Jeezy
12%

From the Vault

Jewish Ceremonial Objects

by kfastic

Get excited for Hanukkah because it's going to be lit.
Remove Ads.
Support Sporcle.
Get the best of Sporcle when you Go Orange. This ad-free experience offers more features, more stats, and more fun while also helping to support Sporcle. Thank you for becoming a member.

Show Comments

Extras

Top Quizzes Today


Score Distribution

Your Account Isn't Verified!

In order to create a playlist on Sporcle, you need to verify the email address you used during registration. Go to your Sporcle Settings to finish the process.

Report this User

Report this user for behavior that violates our Community Guidelines.

Details: